000
00308nam a22001337a 4500
008
171020b xxu||||| |||| 00| 0 eng d
020
_a
9780256093605
041
_a
eng
080
_2
3RD
_a
338
100
_a
54
101
_a
MIS
245
_a
SYSTEMS ANALYSIS& DESIGN METHODS
_c
WHITTEN,J,L
942
_2
udc
_c
BK
999
_c
35112
_d
35112